01120nam a2200193Ia 4500001000900000003001000009008004100019040002500060041001300085100001200098245002400110250001100134260010200145300001200247500026200259501011400521520026200635650002900897L010-105IT-CnALBA170116s9999||||xx |||||||||||||| ||und|| aIT-CnALBAcIT-CnALBA aITALIANO aAA. VV. 0aIL RAGGUAGLIO 1942  a1a ed. aTOULOUSEbBUREAU DE LA PRESSE CATHOLIQUE TOULOUSE'c1942 [1° Ed.:1942 - Ed.Ling.Originale: 1942] a450 p.  aATTIVITÀ CULTURALE LETTERARIA E ARTISTICA DEI CATTOLICI IN ITALIA COLLABORATORI ELENCO ARGOMENTI: LETTERATURA, FILOSOFIA, RELIGIONE, ECONOMIA, SOCIOLOGIA, PEDAGOGIA, CINEMATOGRAFIA, ARTE. DOCUMENTI. CONVEGNI. RICORRENZE. COMMEMORAZIONI. NECROLOGI. INDIRIZ aSocietà San Paolo EM - Piazza San Paolo, 14 - 12051 ALBA (CN) (non commercial uses only) ® Copyright 2017 aATTIVITÀ CULTURALE LETTERARIA E ARTISTICA DEI CATTOLICI IN ITALIA COLLABORATORI ELENCO ARGOMENTI: LETTERATURA, FILOSOFIA, RELIGIONE, ECONOMIA, SOCIOLOGIA, PEDAGOGIA, CINEMATOGRAFIA, ARTE. DOCUMENTI. CONVEGNI. RICORRENZE. COMMEMORAZIONI. NECROLOGI. INDIRIZ aBIBLIOGRAFIE E CATALOGHI